La Révolte Etudiante : les animateurs parlent /

Salvato in:
Dettagli Bibliografici
Autore principale: Sauvageot, J. (autor)
Altri autori: Geismar, A. (autor) (autor), Cohn-Bendit, Daniel (autor) (autor)
Natura: Libro
Lingua:francese
Pubblicazione: París, Francia : Du Seuil, 1968, c1968
Soggetti:
Tags: Aggiungi Tag
Nessun Tag, puoi essere il primo ad aggiungerne!!

MARC

LEADER 00000nam^a2200000^a^4500
001 000372291
005 20250521000000.0
009 20260526142412.143
037 |a Acervo Xavier Clavigero 
041 |a FRA 
082 |a 322. 44  |b SAU 
100 |a Sauvageot, J.  |e (autor) 
240 1 4 |a [La rebelión estudiantil] 
245 1 3 |a La Révolte Etudiante :  |b les animateurs parlent /  |c J. Sauvageot, A. Geismar, D. Cohn-Bendit ; pról. de Hervé Bourges. 
264 4 |a París, Francia :  |b Du Seuil,  |c 1968, c1968 
300 |a 128 p. 
336 |a texto  |b txt  |2 rdacontenido 
337 |a sin mediación  |b n  |2 rdamedio 
338 |a volumen  |b nc  |2 rdasoporte 
561 |a Ex libris manuscrito de Jesús Gómez Fregoso 
649 |a XX 
650 |a Jóvenes 
650 |a Estudiantes 
650 |a Movimiento Estudiantil de 1968 -  |z Francia 
650 |a Movimientos Estudiantiles 
650 |a Educación y Política 
650 |a Política 
700 |a Geismar, A.  |e (autor) 
700 |a Cohn-Bendit, Daniel  |e (autor) 
910 |a Fondo General 
920 |a Impresos - Libros 
930 |a Colección General 
905 |a 101 
901 |a 060163  |b IT1  |c ACC  |u 20250521 
902 |a https://opac.biblio.iteso.mx/vufind/Record/000372291